| 000 | 01032nam a22003257a 4500 | ||
|---|---|---|---|
| 001 | 000585 | ||
| 003 | DO-SdBPM | ||
| 005 | 20250228121950.0 | ||
| 007 | 000585 | ||
| 008 | 161021b2002 sp a |||| 00| 0 spa d | ||
| 020 | _a8420447153 | ||
| 040 |
_aDO-SdBPM _bspa _cBPMSU |
||
| 082 | 4 |
_a833.91 _bS697p 2002 _222 |
|
| 100 | 1 |
_aSommer-Bodenburg, Angela, _d1948- |
|
| 245 | 1 | 3 |
_aEl pequeño vampiro baila que te mueres / _cAngela Sommer-Bodenburg ; ilustraciones de Amelie Glienke ; traducción Frank Schleper. |
| 260 |
_aMadrid : _bSantillana, _c2002 |
||
| 300 |
_a157 p. : _bil. ; _c20 cm. |
||
| 490 | 0 |
_aJuvenil alfaguara, _v |
|
| 500 | _a | ||
| 500 | _a | ||
| 500 | _a | ||
| 534 |
_pTìtulo original : _tDer kleine Vampir in Jammertal |
||
| 590 | _aInventariado, 2025/VM | ||
| 650 | 4 | _aCuentos infantiles alemanes | |
| 650 | 4 |
_aVampiros _vCuentos infantiles. |
|
| 700 | 1 |
_aSchleper, Frank, _etraductor |
|
| 700 | 1 |
_aGlienke, Amelie, _eil. |
|
| 910 | _aVMateo V. Control de calidad. BPMSU | ||
| 942 |
_2ddc _cBK |
||
| 999 |
_c14961 _d14961 |
||